[Event "Let's Play Chess!"]
[Site "http://www.queenalice.com/game.php?id=1524426"]
[Date "2018.4.21"]
[Round "-"]
[White "tightfist"]
[Black "igorjava"]
[Result "1-0"]
[WhiteElo "1699"]
[BlackElo "1625"]

1. Nf3 d5 2. b4 a6 3. Bb2 e6 4. e3 Nf6 5. a3 c5 6. bxc5 Bxc5 7. d4 Bd6 8. Bd3
Nc6 9. Nbd2 b5 10. O-O O-O 11. Qe2 Qc7 12. e4 dxe4 13. Nxe4 Nxe4 14. Bxe4 Bb7
15. Rac1 Na5 16. Bxb7 Qxb7 17. Bc3 Nc4 18. Bb4 Qb6 19. Qd3 a5 20. Bxd6 Nxd6 21.
Ne5 Nf5 22. Nd7 Qxd4 23. Nxf8 Kxf8 24. Qxb5 g6 25. Rfd1 Qa7 26. Rd7 Qa6 27. Qxa6
Rxa6 28. a4 Ke8 29. Rb7 Nd6 30. Rc7 Kd8 31. Rc5 Ne4 32. Rd1+ Ke7 33. Rc7+ Kf6
34. Rdd7 Nd6 35. Kf1 1-0

[Event "Let's Play Chess!"]
[Site "http://www.queenalice.com/game.php?id=1527516"]
[Date "2018.5.18"]
[Round "-"]
[White "george941"]
[Black "tightfist"]
[Result "0-1"]
[WhiteElo "1697"]
[BlackElo "1500"]

1. e4 e6 2. e5 c5 3. Nf3 Nc6 4. Bc4 f6 5. exf6 Nxf6 6. d4 cxd4 7. Nxd4 d5 8. Bb5
Bd7 9. O-O Be7 10. Re1 Nxd4 11. Bxd7+ Qxd7 12. Qxd4 O-O 13. Nc3 b6 14. Bf4 Bc5
15. Qe5 Bxf2+ 16. Kxf2 Ng4+ 0-1

[Event "Let's Play Chess!"]
[Site "http://www.queenalice.com/game.php?id=1527517"]
[Date "2018.5.18"]
[Round "-"]
[White "tightfist"]
[Black "george941"]
[Result "1-0"]
[WhiteElo "1829"]
[BlackElo "1715"]

1. Nf3 Nf6 2. c4 c5 3. Nc3 g6 4. d4 d6 5. dxc5 Nc6 6. cxd6 exd6 7. e3 Bg4 8. Be2
Bg7 9. O-O O-O 10. h3 Bf5 11. Nd4 Nxd4 12. exd4 Re8 13. Bf3 Qc7 14. b3 Rac8 15.
Bf4 Qa5 16. Nb5 Qb6 17. Nxd6 Nh5 18. Nxc8 Rxc8 19. Bxh5 Bxd4 20. Bg4 Rd8 21. Qf3
Bxa1 22. Bxf5 Bg7 23. Be4 Qa6 24. Bxb7 Qxa2 25. Bd5 Rd7 26. Rd1 Qc2 27. Qd3 Qxd3
28. Rxd3 Kf8 29. Kf1 h6 30. Ke2 Re7+ 31. Re3 Rxe3+ 32. Bxe3 a6 33. Bc5+ Ke8 34.
Bc6+ Kd8 35. Bb6+ Ke7 36. Bb7 Kd6 37. Bxa6 Kc6 38. c5 Bd4 39. b4 f6 40. f4 Bc3
41. b5+ 1-0

[Event "Let's Play Chess!"]
[Site "http://www.queenalice.com/game.php?id=1539678"]
[Date "2018.8.23"]
[Round "-"]
[White "tightfist"]
[Black "beginat63"]
[Result "1-0"]
[WhiteElo "1877"]
[BlackElo "1662"]

1. Nf3 Nf6 2. b4 e6 3. a3 d5 4. Bb2 Bd6 5. e3 c5 6. bxc5 Bxc5 7. Bb5+ Nc6 8. O-O
O-O 9. Nc3 Qc7 10. Na4 Bd6 11. Bxf6 gxf6 12. Be2 Ne5 13. h3 Nxf3+ 14. Bxf3 Bd7
15. Nc3 b5 16. a4 b4 17. Nb5 Bxb5 18. axb5 Kg7 19. Be2 a5 20. bxa6 Ra7 21. Qb1
Rb8 22. Qb3 Be5 23. Ra4 d4 24. exd4 Bxd4 25. Rxb4 Rxb4 26. Qxb4 e5 27. c3 Bc5
28. Qg4+ Kf8 29. Qf5 Kg7 30. Rb1 Qd7 31. Qxd7 Rxd7 32. d3 Kf8 33. Rb5 Ba7 34.
Rb7 Rxb7 35. axb7 Ke8 36. Bh5 f5 37. Kf1 Ke7 38. Bf3 Kd7 39. Ke2 Kc7 40. Bd5 f6
41. g3 Bb8 42. c4 Kd6 43. Kf3 Kc5 44. Ke3 h6 45. f4 exf4+ 46. gxf4 Bc7 47. Be6
h5 48. Bxf5 Bb8 49. h4 Bc7 50. Bg6 Kb6 51. Bxh5 Kxb7 52. Bf7 Kc6 53. h5 Bd8 54.
f5 Be7 55. h6 Bf8 56. h7 1-0

[Event "Challenge"]
[Site "http://www.queenalice.com/game.php?id=1572847"]
[Date "2019.5.30"]
[Round "-"]
[White "tightfist"]
[Black "roserl"]
[Result "1-0"]
[WhiteElo "1903"]
[BlackElo "1899"]

1. Nf3 d5 2. b3 Nf6 3. Bb2 e6 4. e3 Be7 5. d4 O-O 6. Bd3 c5 7. O-O Nc6 8. Nbd2
Nb4 9. Be2 Bd7 10. Ne5 Rc8 11. a3 Nc6 12. Nxc6 Bxc6 13. Nf3 Qc7 14. dxc5 Bxc5
15. Bxf6 gxf6 16. c4 dxc4 17. Bxc4 Kh8 18. Qe2 Rg8 19. g3 a6 20. Rfd1 Be7 21.
Nd4 Rg7 22. Bxe6 fxe6 23. Nxe6 Qe5 24. Nxg7 Kxg7 25. Qg4+ Kf7 26. Qxc8 Qe4 27.
Kf1 Qh1+ 28. Ke2 Bf3+ 29. Kd2 Bxd1 30. Qc4+ Kg7 31. Rxd1 Qf3 32. Qe2 Qd5+ 33.
Qd3 Qa5+ 34. b4 Qe5 35. Qd4 Qe6 36. Ke1 a5 37. Qd7 Kf7 38. Qxb7 Kg6 39. bxa5
Bxa3 40. a6 1-0

[Event "Challenge"]
[Site "http://www.queenalice.com/game.php?id=1572848"]
[Date "2019.5.30"]
[Round "-"]
[White "roserl"]
[Black "tightfist"]
[Result "1-0"]
[WhiteElo "1948"]
[BlackElo "1953"]

1. e4 e6 2. d4 d5 3. Nc3 Nf6 4. Bg5 Be7 5. e5 Nfd7 6. Bxe7 Qxe7 7. f4 a6 8. Nf3
Nb6 9. b3 c5 10. Be2 Nc6 11. Nb1 cxd4 12. Nxd4 Bd7 13. Nxc6 Bxc6 14. O-O O-O 15.
Nd2 Rac8 16. c4 Qc5+ 17. Kh1 Rfd8 18. Rc1 dxc4 19. Qc2 Qb4 20. Nxc4 Nxc4 21.
Bxc4 Bxg2+ 22. Qxg2 Rd2 23. Be2 Rcc2 24. Rxc2 Rxc2 25. Rd1 Qb6 26. Qe4 Rc8 27.
Bf3 Rb8 28. Qd4 Qc7 29. Qd6 Qxd6 30. exd6 Kf8 31. d7 Ke7 32. d8=Q+ Rxd8 33. Rxd8
Kxd8 34. Bxb7 a5 35. Kg2 Kc7 36. Ba6 Kd6 37. Kf3 Kd5 38. Ke3 f6 39. Bc4+ Kd6 40.
a3 g5 41. fxg5 fxg5 42. b4 axb4 43. axb4 h5 44. Ke4 h4 45. Kf3 Ke5 46. Kg4 Kf6
47. b5 Ke7 48. Kxg5 Kd6 49. Kxh4 e5 50. Kg4 1-0

[Event "Challenge"]
[Site "http://www.queenalice.com/game.php?id=1572849"]
[Date "2019.5.30"]
[Round "-"]
[White "tightfist"]
[Black "RuCam"]
[Result "1-0"]
[WhiteElo "1888"]
[BlackElo "1802"]

1. Nc3 Nf6 2. e4 e5 3. Nf3 d6 4. d4 exd4 5. Nxd4 a6 6. Bg5 Be7 7. Bc4 O-O 8. O-O
c5 9. Nf3 b5 10. Bxf6 Bxf6 11. Bd5 Ra7 12. a3 Bxc3 13. bxc3 Qf6 14. c4 b4 15.
axb4 cxb4 16. Qd4 Qxd4 17. Nxd4 Nd7 18. Nc6 Rc7 19. Ne7+ Kh8 20. Nxc8 Rcxc8 21.
Rxa6 Ne5 22. Rxd6 Nxc4 23. Rc6 Na3 24. Rc1 Rxc6 25. Bxc6 Rc8 26. Ba4 Rc4 27. f3
g6 28. Kf2 Rc3 29. Bb3 Kg7 30. Ke2 f6 31. Kd2 Nb5 32. Ra1 Nd4 33. Ra4 Nxb3+ 34.
cxb3 Rxb3 35. Kc2 Re3 36. Kd2 Rb3 37. Ra7+ Kh6 38. Kc2 Re3 39. Kd2 Ra3 40. Rxa3
bxa3 41. Kc2 Kg5 42. g3 f5 43. f4+ Kf6 44. e5+ Ke6 45. Kb3 g5 46. Kxa3 g4 47.
Kb4 Kd5 48. Kb5 h6 49. Kb6 h5 50. Kb5 h4 51. gxh4 Ke4 52. e6 Kxf4 53. e7 Kf3 54.
e8=Q f4 55. Qe1 Kg2 56. Qe4+ Kxh2 57. Qxf4+ g3 58. h5 Kh3 59. h6 Kg2 60. h7 Kh2
61. h8=Q+ Kg2 62. Qhh4 Kg1 63. Qhxg3+ Kh1 64. Qf1# 1-0

[Event "Challenge"]
[Site "http://www.queenalice.com/game.php?id=1572850"]
[Date "2019.5.30"]
[Round "-"]
[White "RuCam"]
[Black "tightfist"]
[Result "0-1"]
[WhiteElo "1802"]
[BlackElo "1906"]

1. e4 e6 2. d4 d5 3. e5 c5 4. Nf3 Nc6 5. c3 Qb6 6. a3 Nh6 7. Be2 Nf5 8. c4 cxd4
9. Bd3 Be7 10. Bxf5 exf5 11. cxd5 Qa5+ 12. b4 Qxd5 13. Bb2 Nxe5 14. Nxd4 Qxg2
15. Ke2 Qe4+ 16. Kd2 Nc4+ 17. Kc3 Nxb2 18. Kxb2 Be6 19. Nc3 Qf4 20. f3 O-O 21.
Qd3 Rad8 22. Nce2 Qe5 23. Rae1 Qd5 24. Rd1 Qa2+ 25. Kc1 Rc8+ 26. Nc3 Bg5+ 27.
Rd2 Bxd2+ 28. Qxd2 Qa1+ 29. Kc2 Qxh1 30. f4 Qe4+ 31. Kb2 Rxc3 32. Qxc3 Rc8 33.
Qd2 Rd8 34. Kc3 Qxd4+ 35. Qxd4 Rxd4 36. Kxd4 Kf8 37. Kc5 Ke7 38. Kd4 Bd7 39. Ke5
f6+ 40. Kd5 g5 41. fxg5 fxg5 42. Ke5 f4 43. Ke4 Kf6 44. Kf3 Kf5 45. h3 Bc6+ 46.
Kf2 h5 47. Ke2 g4 48. Kf2 Ke4 49. hxg4 hxg4 50. Kg2 Ke3+ 51. Kf1 f3 52. a4 Bxa4
53. b5 Bxb5+ 54. Ke1 f2+ 55. Kd1 f1=Q+ 56. Kc2 Qd3+ 57. Kb2 Kd2 58. Ka1 Qa3+ 59.
Kb1 Bd3# 0-1

[Event "Challenge"]
[Site "http://www.queenalice.com/game.php?id=1594624"]
[Date "2019.12.30"]
[Round "-"]
[White "tightfist"]
[Black "ernestodn"]
[Result "1-0"]
[WhiteElo "1878"]
[BlackElo "1677"]

1. Nf3 c5 2. e4 d6 3. c4 g6 4. d4 Bg4 5. Qa4+ Qd7 6. Qxd7+ Bxd7 7. Be3 b6 8. e5
Bg7 9. Bd3 cxd4 10. Bxd4 Nc6 11. e6 Bxd4 12. exd7+ Kxd7 13. Nxd4 Nxd4 14. Nc3
Rc8 15. O-O f5 16. Rfe1 Nf6 17. Nb5 Nxb5 18. cxb5 Rc5 19. Rac1 Rhc8 20. Rxc5
Rxc5 21. f3 Nd5 22. a3 Nc7 23. a4 e5 24. Kf2 Nd5 25. g3 Nb4 26. Bb1 Rd5 27. Ke2
Rc5 28. Rd1 d5 29. h4 1-0

[Event "Challenge"]
[Site "http://www.queenalice.com/game.php?id=1597372"]
[Date "2020.1.25"]
[Round "-"]
[White "tightfist"]
[Black "Pin"]
[Result "0-1"]
[WhiteElo "1912"]
[BlackElo "1963"]

1. Nf3 d5 2. d4 g6 3. c4 c6 4. e3 Bg7 5. Nc3 dxc4 6. Bxc4 Nf6 7. O-O O-O 8. Re1
Bg4 9. h3 Bc8 10. e4 Qc7 11. Be3 Nbd7 12. Rc1 e5 13. dxe5 Nxe5 14. Nxe5 Qxe5 15.
Qd4 Qxd4 16. Bxd4 Rd8 17. Rcd1 Be6 18. Bxe6 fxe6 19. f3 a6 20. Bb6 Rd7 21. Rxd7
Nxd7 22. Ba5 b6 23. Bb4 Bd4+ 24. Kf1 a5 25. Be7 c5 26. Ke2 e5 27. Kd3 Kf7 28.
Bg5 Kg7 29. Re2 h6 30. Be3 Rc8 31. Kc4 g5 32. Nb5 Nf6 33. Nd6 Rd8 34. Nf5+ Kg6
35. Nxd4 cxd4 36. Rd2 Rb8 37. Bf2 Kf7 38. Kb5 Nd7 39. Rc2 Nc5 40. b3 Ke6 41. Rd2
Nd7 42. Rc2 Nc5 0-1

[Event "Challenge"]
[Site "http://www.queenalice.com/game.php?id=1597373"]
[Date "2020.1.25"]
[Round "-"]
[White "Pin"]
[Black "tightfist"]
[Result "1-0"]
[WhiteElo "2000"]
[BlackElo "1907"]

1. d4 Nf6 2. Nc3 d5 3. Bf4 e6 4. e3 Bd6 5. Bd3 Bxf4 6. exf4 O-O 7. Nf3 c5 8.
dxc5 Qa5 9. O-O Qxc5 10. Ne5 Nc6 11. a3 b6 12. Bb5 Bb7 13. Bxc6 Bxc6 14. Ne2 Bb5
15. Nd3 Bxd3 16. Qxd3 Rac8 17. c3 Qc4 18. Qxc4 dxc4 19. Rad1 Rfd8 20. Nd4 Nd5
21. g3 Rd7 22. Kg2 1-0

[Event "AUTO-MASTER-2916"]
[Site "http://www.queenalice.com/game.php?id=1597482"]
[Date "2020.1.26"]
[Round "1"]
[White "CCapivara"]
[Black "tightfist"]
[Result "1-0"]
[WhiteElo "2105"]
[BlackElo "1972"]

1. e4 e6 2. d4 d5 3. exd5 exd5 4. Nf3 Be7 5. Bd3 Nf6 6. O-O O-O 7. c3 Bg4 8. Bg5
Nbd7 9. Nbd2 h6 10. Bh4 Re8 11. Qa4 Nb6 12. Qc2 Bxf3 13. Nxf3 Ne4 14. Bxe7 Rxe7
15. Rfe1 Qe8 16. Bxe4 Rxe4 17. Rxe4 Qxe4 18. Qxe4 dxe4 19. Nd2 f5 20. b3 Rd8 21.
Rd1 c6 22. Kf1 Kf7 23. Ke2 Nd5 24. Rc1 Nf4+ 25. Kf1 Nd3 26. Rc2 b5 27. g3 Re8
28. Ke2 g5 29. f3 a5 30. fxe4 fxe4 31. Nxe4 1-0

[Event "AUTO-MASTER-2916"]
[Site "http://www.queenalice.com/game.php?id=1597483"]
[Date "2020.1.26"]
[Round "1"]
[White "tightfist"]
[Black "CCapivara"]
[Result "0-1"]
[WhiteElo "1923"]
[BlackElo "2130"]

1. Nc3 d5 2. d4 Nf6 3. Nf3 c6 4. Bg5 Ne4 5. Nxe4 dxe4 6. Ng1 Qa5+ 7. Bd2 Qb6 8.
Bc3 Bf5 9. e3 e6 10. Bc4 Bb4 11. Qd2 Bxc3 12. Qxc3 O-O 13. Ne2 Nd7 14. O-O Rfd8
15. Ng3 Nf6 16. Nxf5 exf5 17. Qb3 Qxb3 18. Bxb3 Nd5 19. Rfd1 Rd7 20. Rd2 Kf8 21.
Rad1 Ke7 22. c3 Rad8 23. Kf1 f6 24. h4 g5 25. Ke2 Kd6 26. g3 Rg7 27. h5 h6 28.
a3 b5 29. c4 bxc4 30. Bxc4 Rb8 31. Rc2 a5 32. Rdc1 Rb6 33. Kd2 Rgb7 34. Rb1 Nc7
35. b3 Nb5 36. Bxb5 Rxb5 37. Rcb2 c5 38. dxc5+ Kxc5 39. Rc1+ Kd5 40. Rc3 Rc5 41.
Rbc2 Rxc3 42. Rxc3 Rb5 43. Kc2 Ke5 0-1

[Event "AUTO-MASTER-2916"]
[Site "http://www.queenalice.com/game.php?id=1597498"]
[Date "2020.1.26"]
[Round "1"]
[White "popcorn"]
[Black "tightfist"]
[Result "1-0"]
[WhiteElo "2239"]
[BlackElo "1912"]

1. d4 Nf6 2. c4 e6 3. Nf3 Bb4+ 4. Nbd2 O-O 5. a3 Be7 6. e4 d6 7. Be2 d5 8. Qc2
dxe4 9. Nxe4 Nbd7 10. O-O b6 11. Rd1 Bb7 12. Bd3 Nxe4 13. Bxe4 Bxe4 14. Qxe4 Nf6
15. Qe2 c6 16. Bg5 Re8 17. Ne5 Qc7 18. Rac1 Rad8 19. Qf3 Rc8 20. Bf4 Qb7 21. Bg3
Rf8 22. Qb3 Nh5 23. Rd3 Nxg3 24. Rxg3 Bf6 25. f4 Rcd8 26. Rd1 Qc7 27. Qe3 Rd6
28. Qe4 Rfd8 29. Rgd3 g6 30. Kf2 c5 31. d5 exd5 32. Rxd5 Kg7 33. Kf3 Qe7 34. b3
Bxe5 35. Qxe5+ Qxe5 36. fxe5 Rxd5 37. cxd5 Rc8 38. Ke4 1-0

[Event "AUTO-MASTER-2916"]
[Site "http://www.queenalice.com/game.php?id=1597499"]
[Date "2020.1.26"]
[Round "1"]
[White "tightfist"]
[Black "popcorn"]
[Result "0-1"]
[WhiteElo "1916"]
[BlackElo "2256"]

1. c4 Nf6 2. g3 e5 3. Bg2 d5 4. cxd5 Nxd5 5. Nc3 c6 6. Nf3 Bd6 7. e4 Nb6 8. d4
N8d7 9. O-O O-O 10. dxe5 Nxe5 11. Nxe5 Bxe5 12. Qc2 Qe7 13. b3 Rd8 14. Bb2 f6
15. Rfd1 Be6 16. Rxd8+ Rxd8 17. Rd1 a5 18. Rxd8+ Qxd8 19. Ne2 Bxb2 20. Qxb2 Qd1+
21. Bf1 Kf7 22. Qc1 Qxc1 23. Nxc1 a4 24. bxa4 Nxa4 25. Bd3 Nc3 26. a3 Ke7 27.
Kg2 Kd6 28. f4 Kc5 29. Kf3 Kd4 0-1

[Event "AUTO-MASTER-2916"]
[Site "http://www.queenalice.com/game.php?id=1597508"]
[Date "2020.1.26"]
[Round "1"]
[White "JailtonMaster"]
[Black "tightfist"]
[Result "0-1"]
[WhiteElo "1859"]
[BlackElo "1908"]

1. e4 c6 2. d4 d5 3. exd5 cxd5 4. c4 e6 5. Nf3 Nf6 6. Be2 Bb4+ 7. Bd2 Nc6 8. Nc3
O-O 9. O-O b6 10. a3 Bxc3 11. bxc3 Ba6 12. cxd5 Bxe2 13. Qxe2 exd5 14. Qb5 Qd7
15. Rab1 Rfe8 16. Bg5 Ne4 17. Qb2 Nxg5 18. Nxg5 Qf5 19. Nf3 Re6 20. Rfe1 Rae8
0-1

[Event "AUTO-MASTER-2916"]
[Site "http://www.queenalice.com/game.php?id=1597509"]
[Date "2020.1.26"]
[Round "1"]
[White "tightfist"]
[Black "JailtonMaster"]
[Result "1-0"]
[WhiteElo "1943"]
[BlackElo "1859"]

1. b3 d5 2. Bb2 c5 3. e3 Nc6 4. Nf3 Nf6 5. d4 e6 6. Nc3 Be7 7. Bd3 O-O 8. O-O b6
9. Bb5 Bb7 10. Re1 Qc7 11. Qe2 a6 12. Bxc6 Bxc6 13. Rac1 cxd4 14. exd4 a5 15.
Nb5 Bxb5 16. Qxb5 Ne4 17. c4 Bb4 18. cxd5 Qf4 19. Re2 exd5 20. Qxd5 Nf6 21. Qe5
1-0

[Event "Let's Play Chess!"]
[Site "http://www.queenalice.com/game.php?id=1608809"]
[Date "2020.4.22"]
[Round "-"]
[White "igorjava"]
[Black "tightfist"]
[Result "1-0"]
[WhiteElo "1946"]
[BlackElo "1895"]

1. e4 e6 2. Nf3 d5 3. exd5 exd5 4. d4 c6 5. c4 Bb4+ 6. Bd2 Qe7+ 7. Qe2 Qxe2+ 8.
Bxe2 Bxd2+ 9. Nbxd2 Nf6 10. O-O-O O-O 11. Ne5 Be6 12. c5 Nbd7 13. f4 Rab8 14. h3
Nxe5 15. fxe5 Ne4 16. Nxe4 dxe4 17. b3 Bd5 18. Rdf1 f5 19. exf6 Rxf6 20. Kd2 e3+
21. Kxe3 Bxg2 22. Rxf6 Bxh1 23. Bc4+ Kh8 24. Rf4 Re8+ 25. Kf2 h6 26. h4 Be4 27.
Rf7 Rb8 28. Ke3 1-0

[Event "Chess Passion"]
[Site "http://www.queenalice.com/game.php?id=1782138"]
[Date "2022.2.5"]
[Round "-"]
[White "tightfist"]
[Black "NimbleKnight"]
[Result "1/2-1/2"]
[WhiteElo "1887"]
[BlackElo "2123"]

1. b3 c5 2. Bb2 Nc6 3. Nf3 d5 4. e3 Bf5 5. d4 e6 6. Bd3 Bxd3 7. cxd3 Nf6 8. O-O
cxd4 9. Nxd4 Rc8 10. Nd2 Be7 11. N2f3 O-O 12. Rc1 h6 13. Qe2 Qd7 14. Nxc6 Rxc6
15. Rxc6 Qxc6 16. Rc1 Qb6 17. Qc2 Rd8 18. Qc7 Qxc7 19. Rxc7 Rd7 20. Rc8+ Rd8 21.
Rc7 Rd7 22. Rc8+ Rd8 23. Rc7 Rd7 1/2-1/2

[Event "Chess Passion"]
[Site "http://www.queenalice.com/game.php?id=1782139"]
[Date "2022.2.5"]
[Round "-"]
[White "NascimentoJ"]
[Black "tightfist"]
[Result "0-1"]
[WhiteElo "1860"]
[BlackElo "1898"]

1. c4 e5 2. g3 Nf6 3. Nc3 Bb4 4. Bg2 Bxc3 5. bxc3 Nc6 6. e3 O-O 7. Ne2 d5 8.
cxd5 Nxd5 9. O-O Be6 10. Bb2 Qd7 11. d4 exd4 12. cxd4 Bh3 13. Nc3 Bxg2 14. Kxg2
Rfe8 15. Qf3 Rad8 16. e4 Nxc3 17. Qxc3 Qxd4 18. Rfe1 Qxc3 19. Bxc3 Rd3 20. Rac1
f6 21. f4 Kf7 22. Kf2 Red8 23. Ke2 R8d7 24. a4 R3d6 25. a5 Nd4+ 26. Bxd4 Rxd4
27. Kf3 Rd3+ 28. Kg4 g6 29. Re2 c6 30. h4 h5+ 31. Kh3 Ra3 32. Rc5 Rdd3 33. Rg2
Ra1 34. f5 Rh1+ 35. Rh2 Rxh2+ 36. Kxh2 Rd4 37. fxg6+ Kxg6 38. e5 Rd5 39. Rxd5
cxd5 40. exf6 b5 0-1

[Event "Let's Play Chess!"]
[Site "http://www.queenalice.com/game.php?id=1788871"]
[Date "2022.5.17"]
[Round "-"]
[White "igor12345"]
[Black "tightfist"]
[Result "0-1"]
[WhiteElo "1966"]
[BlackElo "1913"]

1. e4 e6 2. d4 d5 3. exd5 exd5 4. Nf3 Nf6 5. a3 Be7 6. Be2 O-O 7. O-O Nbd7 8.
Bg5 Ne4 9. Bxe7 Qxe7 10. Nc3 Ndf6 11. Ne5 c6 12. f3 Nxc3 13. bxc3 Re8 14. Re1
Be6 15. a4 c5 16. Kf1 Qc7 17. Kg1 Rac8 18. Bb5 Bd7 19. Nxd7 Nxd7 20. Rxe8+ Rxe8
21. a5 Re7 22. a6 bxa6 23. Bxd7 Rxd7 24. Qd3 c4 25. Qe3 Re7 26. Qg5 Qb7 27. Ra5
Qb1+ 28. Kf2 Qe1# 0-1

[Event "Let's Play Chess!"]
[Site "http://www.queenalice.com/game.php?id=1788983"]
[Date "2022.5.17"]
[Round "-"]
[White "tightfist"]
[Black "igor12345"]
[Result "1-0"]
[WhiteElo "1931"]
[BlackElo "2012"]

1. Nc3 d5 2. d4 h6 3. Nf3 Nf6 4. e3 Bg4 5. Be2 e6 6. O-O c5 7. Bd2 cxd4 8. exd4
Bd6 9. Ne5 Bxe2 10. Qxe2 a6 11. Rfe1 O-O 12. a3 Nc6 13. Nxc6 bxc6 14. Rab1 Qb6
15. Be3 a5 16. Na4 Qb5 17. Nc3 Qxe2 18. Nxe2 Rfb8 19. Bf4 Ne8 20. Be5 Rb7 21.
Nc3 Rab8 22. Na4 Bxe5 23. Rxe5 Nc7 24. Ree1 Nb5 25. Nc5 Ra7 26. c3 g6 27. f4 h5
28. g3 Kg7 29. Kf2 Kf6 30. Kf3 g5 31. fxg5+ Kxg5 32. h3 Nd6 33. Re5+ Kg6 34.
Nxe6 Nc4 35. Nf4+ Kg7 36. Re2 Kh6 37. a4 Rab7 38. Nd3 Na3 39. Rbe1 Nc4 40. Ne5
Nxe5+ 41. dxe5 Rxb2 42. e6 Rxe2 43. Rxe2 Kg6 44. exf7 Kxf7 45. Re5 Rb3 46. Rxh5
Rxc3+ 47. Kf2 Rc2+ 48. Ke3 Rc3+ 49. Kf2 Rc4 50. Rf5+ Ke6 51. Rf4 d4 52. Ke2 Rxa4
53. h4 c5 54. h5 Ra2+ 55. Kf3 a4 56. h6 Rh2 57. Re4+ Kf6 58. Re8 Kg6 59. Ra8 Ra2
60. Ra6+ Kh7 61. Ke4 a3 62. g4 Rg2 63. Kf3 Ra2 64. g5 d3 65. Ke3 d2 66. Ra7+ Kh8
67. Rd7 Rb2 68. g6 Kg8 69. Rd8# 1-0

[Event "New Year"]
[Site "http://www.queenalice.com/game.php?id=1802937"]
[Date "2022.12.30"]
[Round "-"]
[White "FLeicher"]
[Black "tightfist"]
[Result "0-1"]
[WhiteElo "2050"]
[BlackElo "1950"]

1. e4 e6 2. Nf3 d5 3. exd5 exd5 4. d4 Be7 5. Bf4 Nf6 6. Bd3 O-O 7. Nbd2 Nbd7 8.
c3 Re8 9. O-O c5 10. Bc2 Nb6 11. h3 c4 12. Re1 Be6 13. Ne5 Bd6 14. Bg5 Be7 15.
Bf4 h6 16. Qe2 Nfd7 17. Rad1 Nxe5 18. Bxe5 Bf6 19. Nf3 Nd7 20. Nh2 Qb6 21. f4
Nxe5 22. fxe5 Bd7 23. Kh1 Qa5 24. Qf2 Be7 25. Bb1 Ba4 26. Rd2 Bd7 27. Qf3 Be6
28. Ng4 Qd8 29. Ne3 Bg5 30. Rf2 b5 31. Bf5 Rf8 32. Kh2 Bxe3 33. Rxe3 Bxf5 34.
Qxf5 a6 35. e6 Qd6+ 36. g3 fxe6 37. Qxe6+ Qxe6 38. Rxf8+ Rxf8 39. Rxe6 Rf2+ 40.
Kg1 Rxb2 41. Rxa6 b4 42. Kf1 bxc3 43. Ke1 Rd2 44. Ra8+ Kh7 0-1